000 00295nam a22001337a 4500
008 171027b xxu||||| |||| 00| 0 eng d
020 _ax00079uja1
041 _aeng
080 _a336
100 _a56
101 _aFIN
245 _aWHAT DRIVESE CURRENCY MARKETS
_cKETTELL.B
942 _2udc
_cBK
999 _c36168
_d36168